000 00487nam a2200157Ia 4500
008 160316s1996 xxu||||| |||| 00| 0 eng d
082 _a346.017200
_bCPR
100 _a
245 _aDisability-A strategy to promote the participation of people with disabilities in programmes for rural development
250 _a
260 _aNew Delhi
_bCPRT
_c1996
300 _a88
_b
_c
365 _b25
650 _aDisability, people participation, rural development, networking
700 _a
_a
999 _c29394
_d29394